000 01333cam a2200397 i 4500
001 1489
003 KOSZ 005
005 20210311111613.0
008 000320s1980 pl a f |000 0 pol d
015 _aPB 1980/10658
020 _a8320401445
040 _aWA N
_cWA N
_dKOSZ 005/HR
041 0 _apol
_bfre
_brus
_beng
_bger
046 _k1980
080 _a621.717
100 1 _aPuff, Tadeusz
_d(1911-1987)
_eAutor
245 1 0 _aPodstawy technologii montażu maszyn i urządzeń /
_cTadeusz Puff, Waldemar Sołtys.
260 _aWarszawa :
_bWydaw-a Naukowo-Techniczne,
_c1980.
300 _a363, [5] s. :
_bil. wykr. ;
_c25 cm.
336 _2rdacontent
_aTekst
_btxt
337 _2rdamedia
_aBez urządzenia pośredniczącego
_bn
338 _2rdacarrier
_aWolumin
_bnc
380 _aKsiążki
380 _aPublikacje fachowe
388 _a1901-2000
388 _a1945-1989
650 4 _aMaszyny
650 4 _aUrządzenia
650 4 _aTechnologia
658 _aInżynieria i technika
650 4 _aMontaż
700 1 _aSołtys, Waldemar
_c(budowa i eksploatacja maszyn).
_eAutor
710 2 _aWydawnictwa Naukowo-Techniczne
_4pbl.
856 _uhttp://koha.tu.koszalin.pl/cgi-bin/koha/opac-detail.pl?biblionumber=1489
_yKatalog online BPK
942 _2UKD
_cKS
999 _c1489
_d1489